| 000 | 00707cam a2200193 4500 | ||
|---|---|---|---|
| 008 | 010808n2001 000 0 eng u | ||
| 035 | _a(Sirsi) u114024 | ||
| 245 | _aLaunch of website for forum on non-food uses of crops | ||
| 260 | _c2001 | ||
| 490 |
_aDEFRA News Release _v(81/01) 1 August 2001 (1) |
||
| 520 | _aParliament Under-Secretary Lord Whitty welcomes launch of dedicated website for the government-industry forum on non-food use of crops. The forum website can be found at http://148.252.1.12/gifnfc/index.asp. | ||
| 590 | _aWB | ||
| 650 | _aNON-FOOD CROPS | ||
| 650 | _aSELECT COMMITTEE REPORT | ||
| 650 | _aRURAL ECONOMY | ||
| 650 | _aWEBSITE | ||
| 690 |
_aRural _96268 |
||
| 942 | _n0 | ||
| 999 |
_c67960 _d67960 |
||